000 00881cad a22002055a 4500
001 E151968
008 110117s2010 xxk f 000 0 eng d
035 _a(Sirsi) u151968
041 0 _aeng
110 2 _aUnited Kingdom
_bHM Revenue and Customs
_94833
245 0 0 _aEvaluating the construction industry scheme
_h[electronic resource]
260 _a[S.l.]
_bHMRC
_c2010
490 0 _aHM Revenue and Customs Research Report
_v106
520 _aReports on whether the new CIS scheme is meeting its aims, in terms of making it easier for businesses to comply with their income tax obligations, and simplifying the administration of the scheme.
590 _aKA
651 4 _aEngland and Wales
_y1543-
690 _aConstruction management
_96230
856 4 0 _uhttps://www.hmrc.gov.uk/research/eval-cis.pdf
_zView the item free of charge (PDF file) at www.hmrc.gov.uk
942 _n0
999 _c111765
_d111765